000 00676cam a2200181 a 4500
020 _a1269237411 (pbk.)
020 _a9781269237413 (pbk.)
050 0 0 _aQA154.3
_b.P74 2013
100 _aCentral Washington University.
245 0 0 _aPrecalculus :
_bgraphical, numerical, algebraic /
_cCentral Washington Universiity.
250 _aPearson custom edition.
260 _aBoston [USA] :
_bPearson Learning Solutions,
_cc2013.
300 _aiv, 1121 p. :
500 _aIncludes index.
650 _xAlgebra ;
_xTrigonometry ;
_xMathematics ;
_xCalculus ;
_xTrigonometry -- study and teaching ;
_xAlgebra -- study and teaching ;
700 1 _aDemana, Franklin D.,
942 _2lcc
_cGEN
999 _c6804
_d6804